Subsurface stratigraphy of the Mississippian rocks of Saskatchewan. (Record no. 29208)

MARC details
000 -LEADER
fixed length control field 00792cam a22002531 4500
001 - CONTROL NUMBER
control field gs 58000033
003 - CONTROL NUMBER IDENTIFIER
control field DLC
005 - DATE AND TIME OF LATEST TRANSACTION
control field 20260227111406.0
008 - FIXED-LENGTH DATA ELEMENTS--GENERAL INFORMATION
fixed length control field 721206s1956 xx 000 0 eng
010 ## - LIBRARY OF CONGRESS CONTROL NUMBER
LC control number gs 58000033
035 ## - SYSTEM CONTROL NUMBER
System control number (OCoLC)507103
040 ## - CATALOGING SOURCE
Original cataloging agency DLC
Transcribing agency OAkU
Modifying agency DLC
050 00 - LIBRARY OF CONGRESS CALL NUMBER
Classification number QE185
Item number .A2 no. 282
051 ## - LIBRARY OF CONGRESS COPY, ISSUE, OFFPRINT STATEMENT
Classification number QE672
Item number .M2
082 ## - DEWEY DECIMAL CLASSIFICATION NUMBER
Classification number 551.75
100 1# - MAIN ENTRY--PERSONAL NAME
Personal name MacDonald, G. H.
245 10 - TITLE STATEMENT
Title Subsurface stratigraphy of the Mississippian rocks of Saskatchewan.
260 ## - PUBLICATION, DISTRIBUTION, ETC.
Place of publication, distribution, etc. Ottawa,
Name of publisher, distributor, etc. E. Cloutier, Queen's printer,
Date of publication, distribution, etc. 1956.
300 ## - PHYSICAL DESCRIPTION
Extent 46 p.
Other physical details maps (part col.) diagrs., tables.
Dimensions 25 cm.
500 ## - GENERAL NOTE
General note Part of illustrative matter fold. in pocket.
504 ## - BIBLIOGRAPHY, ETC. NOTE
Bibliography, etc. note Bibliography: p. 41-43.
650 #0 - SUBJECT ADDED ENTRY--TOPICAL TERM
Topical term or geographic name entry element Geology, Stratigraphic
Chronological subdivision Mississippian.
650 #0 - SUBJECT ADDED ENTRY--TOPICAL TERM
Topical term or geographic name entry element Geology
Geographic subdivision Saskatchewan.

No items available.

Powered by Koha